00612nam a2200193Ia 4500008004100000020000700041082001600048100001600064245003900080250000700119260003100126300003100157500001900188600002100207650005000228942000700278952011800285999001500403240925s9999 xx 000 0 und d aNA a005.437 TOD aTodd, chad 0aHack Proofing Windows 2000 Server  aNA aLondon:bContinuumc,2001. axxiii,855p.bNAfPhotocopy aIncludes Index aComputer Science aComputer science, information & general works cBK 001040708CSaUITUbUITUd2005-03-08eF.B.Cg350.00l0o005.437 TODpQ6121r2024-09-25 07:14:05w2024-09-25yBK c8620d8620